One Second Per Answer - TDI Elimination Order - Statistics

General Stats
  • This quiz has been taken 54 times
  • The average score is 3 of 23
Answer Stats
Contestant Answer % Correct
Ezekiel 1
33%
Eva 2
28%
Noah 3
25%
Courtney 11
19%
Harold 12
19%
Katie 5
17%
Izzy 7
17%
Beth 9
17%
Geoff 19
14%
Justin 4
14%
Tyler 6
14%
Cody 8
14%
Sadie 10
11%
Eva (R) 13
11%
Lindsay 16
11%
DJ 17
8%
Duncan 21
8%
Trent 14
6%
Leshawna 20
6%
Gwen 23
6%
Bridgette 15
3%
Heather 22
3%
Izzy (R) 18
0%
No matching quizzes found
Score Distribution
Percent of People with Each Score
Percentile by Number Answered
Your Score History
You have not taken this quiz